000 00482nam a22001337a 4500
999 _c121890
_d121890
005 20210409104120.0
008 210409b ||||| |||| 00| 0 eng d
040 _cPK-LaUMT
082 _aRHC 891.4393
_bSHI-
245 _aShibli ki hayat moashqah = شبلی کی حیات معاشقہ /
_ccompiled by Waheed and Irfan Ahmad Khan = مرتبہ : وحید قریشی اور عرفان امد خان
260 _aLahore :
_bT and T Publishers,
_cNA
300 _a126 p.
942 _cBK